Turkish experience in regional planning / (Kayıt no. 10235)

MARC ayrıntıları
000 -BAŞLIK
Sabit Uzunluktaki Kontrol Alanı 00765nam a22002057a 4500
003 - KONTROL NUMARASI KİMLİĞİ
Kontrol Alanı KOHA_MİRAKIL
005 - EN SON İŞLEM TARİHİ ve ZAMANI
Kontrol Alanı 20260414114527.0
008 - SABİT UZUNLUKTAKİ VERİ ÖGELERİ - GENEL BİLGİ
Sabit Alan 260414b tu ||||| |||| 00| 0 tur d
040 ## - KATALOGLAMA KAYNAĞI
Özgün Kataloglama Kurumu TR-AnABB
Kataloglama Dili tur
Çeviri Kurumu TR-AnABB
041 ## - DİL KODU
Metin ya da ses kaydının dil kodu eng
082 ## - DEWEY ONU SINIFLAMA SİSTEMİ
Sınıflama Numarası 338.9561
Cutter numarası TUR 1964
110 ## - KURUM ADI
Kurum Adı T.C.
Alt Birim Prime Ministry State Planning Organization
245 10 - ESER ADI BİLDİRİMİ
Başlık Turkish experience in regional planning /
Sorumluluk Bildirimi Republic of Turkey Prime Ministry State Planning Organization
260 ## - YAYIN, DAĞITIM, VB.
Yayın Yeri Ankara :
Yayınevi [yayl.y.],
Yayın Tarihi 1964
300 ## - FİZİKSEL TANIMLAMA
Sayfa, Cilt vb. 63 sayfa ;
Boyutları 25 cm
500 ## - GENEL NOT
Genel Not Kitap içerisinde Prof. Dr. Ruşen Keleş'in satır altı çizimleri ve vurgulama mevcuttur.
650 04 - KONU BAŞLIĞI EK GİRİŞ - KONU TERİMİ
Konusal terim veya coğrafi ad Bölgesel planlama, Türkiye
650 04 - KONU BAŞLIĞI EK GİRİŞ - KONU TERİMİ
Konusal terim veya coğrafi ad Ekonomik politika, Türkiye
942 ## - EK GİRİŞ ÖGELERİ (KOHA)
Sınıflama Kaynağı Dewey Decimal Classification
Materyal Türü Kitap
900 ## - YEREL BİLGİ
Kontrol Can ÇELIK
110 ## - KURUM ADI
-- 3433
Mevcut
Geri Çekilme Durumu Kayıp Durumu Sınıflandırma Kaynağı Kredi için değil Kalıcı Konum Mevcut Konum Kayıt Tarih Toplam Ödünçverme Yer Numarası Demirbaş Numarası Son Görülme Tarihi Fatura Tarihi Materyal Türü
    Dewey Decimal Classification   Prof. Dr. Ruşen Keleş Kütüphanesi Prof. Dr. Ruşen Keleş Kütüphanesi 14/04/2026   338.9561 TUR 1964 RK7075 14/04/2026 14/04/2026 Kitap